|
|
|
|
| LEADER |
00000naa2a2200000 4500 |
| 001 |
419912 |
| 005 |
20231101073321.0 |
| 035 |
|
|
|a (RuTPU)RU\TPU\prd\77370
|
| 035 |
|
|
|a RU\TPU\prd\19565
|
| 090 |
|
|
|a 419912
|
| 100 |
|
|
|a 20100227a2003 k y0rusy50 ca
|
| 101 |
0 |
|
|a rus
|
| 102 |
|
|
|a RU
|
| 200 |
1 |
|
|a Универсальный алгоритм неравновесной динамики хаотических систем
|f А. А. Оксогоев
|
| 225 |
1 |
|
|a Физика конденсировнного состояния
|
| 320 |
|
|
|a Библиогр.: 27 назв.
|
| 461 |
|
1 |
|0 (RuTPU)RU\TPU\prd\191
|x 0021-3411
|t Известия вузов. Физика
|f Министерство общего и профессионального образования Российской Федерации ; Томский Госуниверситет
|d 1958-
|
| 463 |
|
1 |
|0 (RuTPU)RU\TPU\prd\77369
|t Т. 46, № 9
|v с. 3-9
|d 2003
|
| 610 |
1 |
|
|a нелинейные динамические системы
|
| 610 |
1 |
|
|a хаотические системы
|
| 610 |
1 |
|
|a обратная связь
|
| 610 |
1 |
|
|a инвариантность
|
| 610 |
1 |
|
|a фрактальность
|
| 675 |
|
|
|a 517.2:539.43:669.017
|v 3
|
| 700 |
|
1 |
|a Оксогоев
|b А. А.
|
| 801 |
|
1 |
|a RU
|b 63413507
|c 20031113
|g PSBO
|
| 801 |
|
2 |
|a RU
|b 63413507
|c 20101028
|g RCR
|
| 942 |
|
|
|c BK
|